000 01292nam0a22002651 4500
001 rc\4274844
005 20130416121422.2
021 _aRU
_b[65-9236]
035 _a(NLR Aleph) 008491132
090 _a8050761
_c8050761
100 _a20130416d1964 |||y0rusy50 ca
101 0 _arus
102 _aRU
105 _aa z |||||
200 1 _aТеоретические основы электротехники
_eРасчет переходных процессов в линейных электр. цепях с сосредоточ. параметрами классич. методом
_eУчеб. пособие для студентов электротехн. и энергет. специальностей
_fМ-во путей сообщения СССР. Всесоюз. заоч. ин-т инженеров ж.-д. транспорта
210 _aМосква
_cБ. и.
_d1964
215 _a169 с.
_cчерт.
_d21
606 _aЭлектрические цепи
_xПереходные процессы
_xРасчет
_2psbo
700 1 _aБыков
_bА. П.
_gАлександр Петрович
701 1 _aСапков
_bГ. Н.
_gГлеб Николаевич
801 0 _aRU
_bNLR
_gpsbo
801 1 _aRU
_bELAR
_2rusmarc
852 _aNLR
_j65-5/767
942 _cBOOK
980 _aNB